000 01623nam0a2200313 i 4500
001 RU\NLR\bibl\2031685
005 20241105072550.0
010 _a9785209047445
_9150
021 _aRU
_b2013-26579
_91835
035 _a(NLR Aleph) 002019528
090 _a4497805
_c4497805
100 _a20130508d2013 u||y0rusy50 ca
101 0 _arus
102 _aRU
105 _ay |||||||||
200 1 _aИстория России
_eучебно-методическое пособие
_eдля студентов 1 курса инженерных, физико-математических, экологических и других негуманитарных специальностей
_fВ.А. Борисов, Е.В. Княжева-Карцева, С.С. Синютин
_gФедер. гос. бюджет. образоват. учреждение высш. проф. образования Рос. ун-т дружбы народов
210 _aМосква
_cРоссийский университет дружбы народов
_d2013
215 _a155 с.
_d21
320 _aБиблиогр.: с. 145-147 (57 назв.)
607 _aРоссия
_jУчебно-методические пособия для высших учебных заведений
_xИстория
_91554184
_3RU\NLR\AUTH\66979780
686 1 _aТ3(2) я73
700 1 _aБорисов
_bВ.А.
701 1 _aКняжева-Карцева
_bЕ.В.
701 1 _aСинютин
_bС.С.
_gСергей Сергеевич
801 0 _aRU
_bNLR
_c20130508
_gRCR
801 1 _aRU
_bNLR
_c20130508
942 _cBOOK
980 _aNBR